[Event "Catalunya-chT Honor"]
[Site "Catalunya"]
[Date "2013.02.23"]
[Round "6.5"]
[White "Castelltort Fernandez, Antonio"]
[Black "Asis Gargatagli, Hipolito"]
[Result "0-1"]
[WhiteElo "2289"]
[BlackElo "2456"]
[PlyCount "186"]
[EventDate "2013.01.19"]
[EventType "team-tourn"]
[EventRounds "11"]
[EventCountry "ESP"]
[SourceTitle "EXT 2014"]
[Source "ChessBase"]
[SourceDate "2013.11.20"]
[SourceVersion "1"]
[SourceVersionDate "2013.11.20"]
[SourceQuality "1"]
[WhiteTeam "Sant Andreu"]
[BlackTeam "Barcelona Uga"]
[WhiteTeamCountry "ESP"]
[BlackTeamCountry "ESP"]

1. d4 Nf6 2. Nf3 e6 3. e3 c5 4. Bd3 Nc6 5. 0-0 d5 6. b3 Be7 7. Bb2 0-0 8. Nbd2 Rb8 9. a3 b5 10. dxc5 Bxc5 11. b4 Be7 12. Nd4 Nxd4 13. exd4 Ne8 14. Qe2 Nd6 15. c3 Nc4 16. Nxc4 dxc4 17. Be4 a5 18. Bc1 Bd6 19. Qh5 g6 20. Qh6 Bb7 21. Bxb7 Rxb7 22. Bf4 Bxf4 23. Qxf4 Rd7 24. Rae1 Rd5 25. Re3 Kg7 26. Rfe1 Qf6 27. Qxf6+ Kxf6 28. g3 axb4 29. axb4 Ra8 30. Re5 Rxe5 31. Rxe5 Ra3 32. Rxb5 Rxc3 33. Rc5 Rc1+ 34. Kg2 c3 35. b5 Rb1 36. Rxc3 Rxb5 37. Rf3+ Ke7 38. Rc3 Kd6 39. Kf3 h5 40. h4 f6 41. Ke4 Rb2 42. Rf3 Ke7 43. Rf4 Rb3 44. Rf3 Rb2 45. Ke3 f5 46. Rf4 Kd6 47. Kd3 Kd5 48. Kc3 Ra2 49. Kd3 Ra3+ 50. Kd2 Kc4 51. Ke2 Rc3 52. d5+ Kxd5 53. Ra4 Rc2+ 54. Ke3 e5 55. Ra5+ Kd6 56. Ra3 Rc6 57. Rd3+ Ke6 58. Ra3 Kf6 59. Ra8 Rc3+ 60. Ke2 f4 61. gxf4 exf4 62. Rf8+ Ke5 63. f3 Re3+ 64. Kf2 Ra3 65. Ke2 Ra6 66. Re8+ Re6 67. Ra8 Kf5+ 68. Kf2 Rb6 69. Ra5+ Kf6 70. Ra2 g5 71. hxg5+ Kxg5 72. Kg2 Kh4 73. Rc2 Rg6+ 74. Kh2 Rg3 75. Rf2 Kg5 76. Rf1 h4 77. Rf2 h3 78. Kh1 Kh4 79. Kh2 Rg8 80. Rb2 Ra8 81. Rf2 Ra3 82. Kg1 Kg3 83. Rg2+ Kxf3 84. Rg8 Ra1+ 85. Kh2 Ke2 86. Rb8 Kf2 87. Rc8 Ra2 88. Re8 f3 89. Kxh3 Ra7 90. Rb8 Rh7+ 91. Kg4 Kg2 92. Rg8 f2 93. Kf4+ Kh2 0-1

[Event "Catalunya-chT"]
[Site "Barcelona"]
[Date "2011.04.09"]
[Round "11"]
[White "Alexandrova, Olga"]
[Black "Castelltort Fernandez, Antonio"]
[Result "1-0"]
[WhiteElo "2381"]
[BlackElo "2270"]
[PlyCount "73"]
[EventDate "2011.01.29"]
[EventType "team-tourn"]
[EventRounds "11"]
[EventCountry "ESP"]
[SourceTitle "EXT 2012"]
[Source "ChessBase"]
[SourceDate "2011.11.24"]
[SourceVersion "1"]
[SourceVersionDate "2011.11.24"]
[SourceQuality "1"]
[WhiteTeam "UGA"]
[BlackTeam "San Andreu"]
[WhiteTeamCountry "ESP"]
[BlackTeamCountry "ESP"]

1. d4 f5 2. g3 Nf6 3. Bg2 g6 4. Nf3 Bg7 5. b3 Ne4 6. Bb2 0-0 7. 0-0 d5 8. c4 c6 9. Nc3 Be6 10. Rc1 a6 11. e3 h6 12. Ne5 Nxc3 13. Rxc3 Bxe5 14. cxd5 Bxd5 15. dxe5 Be6 16. Rd3 Nd7 17. Ba3 Qe8 18. f4 Nb6 19. Bc5 Nd5 20. Qd2 Rd8 21. g4 Qf7 22. gxf5 gxf5 23. e4 fxe4 24. Bxe4 Bf5 25. Bxf5 Qxf5 26. Bxe7 Qxd3 27. Qxd3 Nxe7 28. Qc4+ Rd5 29. Rf3 Nf5 30. Rd3 b5 31. Qe4 Ne7 32. Rxd5 cxd5 33. Qd4 Kf7 34. Kf2 Rg8 35. f5 Nxf5 36. Qxd5+ Kg7 37. Qd7+ 1-0

[Event "Catalunya-chT"]
[Site "Barcelona"]
[Date "2011.03.26"]
[Round "9.5"]
[White "Castelltort Fernandez, Antonio"]
[Black "Perez Mitjans, Orelvis"]
[Result "1-0"]
[WhiteElo "2270"]
[BlackElo "2457"]
[PlyCount "131"]
[EventDate "2011.01.29"]
[EventType "team-tourn"]
[EventRounds "11"]
[EventCountry "ESP"]
[SourceTitle "EXT 2012"]
[Source "ChessBase"]
[SourceDate "2011.11.24"]
[SourceVersion "1"]
[SourceVersionDate "2011.11.24"]
[SourceQuality "1"]
[WhiteTeam "San Andreu"]
[BlackTeam "Colon Sabadell"]
[WhiteTeamCountry "ESP"]
[BlackTeamCountry "ESP"]

1. d4 d5 2. Nf3 Nc6 3. e3 Bg4 4. Bb5 Qd6 5. h3 Bxf3 6. Qxf3 a6 7. Ba4 Nf6 8. 0-0 b5 9. Bb3 e5 10. a4 b4 11. a5 e4 12. Qe2 Ne7 13. c3 Nf5 14. cxb4 h5 15. Ba4+ c6 16. Bd2 Ng4 17. g3 Nf6 18. Rc1 Ne7 19. Na3 Qe6 20. Kg2 h4 21. g4 Nd7 22. b5 axb5 23. Bxb5 f5 24. Bxc6 Nxc6 25. Nb5 Kd8 26. gxf5 Qf6 27. a6 Rh6 28. Qg4 g6 29. Qf4 gxf5 30. Qc7+ Ke7 31. a7 f4 32. Qxf4 Rg6+ 33. Kf1 Bh6 34. Qxf6+ Rxf6 35. Nc7 Nb6 36. Nxa8 Nxa8 37. Ra6 Kd7 38. b4 Bg5 39. b5 Ne7 40. Rxf6 Bxf6 41. Bb4 Nc8 42. Bc5 Bd8 43. Ke2 Ke6 44. Rg1 Kf7 45. Rg4 Ncb6 46. Rf4+ Bf6 47. Kd2 Nd7 48. Kc3 Ke6 49. Kb4 Bd8 50. Rg4 Kf7 51. Rg1 Ndb6 52. Ra1 Ke6 53. Ra6 Kd7 54. Bxb6 Bxb6 55. Ra1 Kc8 56. Rg1 Bxa7 57. Rg8+ Kb7 58. Rh8 Bb8 59. Rxh4 Bd6+ 60. Kb3 Nc7 61. Ka4 Kb6 62. Rh6 Nxb5 63. h4 Kc6 64. h5 Nc3+ 65. Kb3 Nb5 66. Rg6 1-0